| 000 | 00458cam a22001457a 4500 | ||
|---|---|---|---|
| 008 | 180718b1965 xxu||||| |||| 00| 0 eng d | ||
| 082 | _aT000 In7/12 | ||
| 245 |
_aTheoretical problems of investment planning _cby Institute of National Planning |
||
| 260 |
_aCairo _bInstitute of National Planning _c1965 |
||
| 300 | _a31p. | ||
| 440 | _aMemo, no.554 | ||
| 500 | _aBound with T000/In7/4-14 | ||
| 650 | _aInvestments | ||
| 700 | _aInstitute of National Planning | ||
| 999 |
_c480075 _d480075 |
||